00486 2200193 4500001002100000005001500021008004100036035002000077082000800097084001400105100002200119245006000141250000600201260003600207300001100243650001400254990001200268990001200280INLIS00000000000039220240430020102240430 0 ind  a0010-0424000368 a900 a900 ROF s aAdji S, Moh Rofii1 aSelayang Pandang DKI Jakarta /cMoh. Rofii Adji Sayekti a1 aKlaten :bIntan Pariwara,c2008 a60 hlm 4aNon Fiksi a0728623 a0728624